| Поле | Инд. | ПП | Название | Значение |
|---|---|---|---|---|
| Тип записи | a | |||
| Библиографический уровень | m | |||
| 001 | Контрольный номер | RU/IS/BASE/440860682 | ||
| 005 | Дата корректировки | 20151112081244.8 | ||
| 020 | a | ISBN | 978-5-406-02929-9 | |
| 040 | a | Служба первич. каталог. | НБ ТвГУ | |
| b | Код языка каталог. | rus | ||
| e | Правила каталог. | PSBO | ||
| 041 | 0_ | a | Код языка текста | rus |
| 080 | a | Индекс УДК | 330(075.8) | |
| 084 | a | Индекс другой классификации/Индекс ББК | У01я73-1 | |
| 090 | a | Полочн. индекс | У01 | |
| x | Авторский знак | Н 84 | ||
| 100 | 1_ | a | Автор | Носова Светлана Сергеевна |
| q | Полное имя | Носова С. С. | ||
| 245 | 10 | a | Заглавие | Экономическая теория |
| b | Продолж. заглавия | для студентов вузов, обучающихся по экономически специальностям | ||
| 250 | a | Основные сведения об издании | 4-е изд., стер. | |
| 260 | a | Место издания | Москва | |
| b | Издательство | КноРус | ||
| c | Дата издания | 2013 | ||
| 300 | a | Объем | 791, [1] с. | |
| b | Иллюстрации/ тип воспроизводства | ил. | ||
| 500 | a | Примечание | На обороте тит. л. авт.: Носова С.С. - д.э.н., проф. акад. Рос. нар. акад. наук | |
| 504 | a | Библиография | Библиогр.: с. 638 | |
| 520 | 0_ | a | Аннотация | Содержатся все основные темы курса, определенные в образовательном стандарте по подготовке бакалавра и специалиста по экономике. Сложнейшие экономические теоретические проблемы излагаются в доступной форме по принципу "максимум знаний - минимум времени". Раскрывается механизм действия экономических законов в условиях смешанной рыночной экономики с учетом российских реалий. Соответствует Федеральному государственному образовательному стандарту высшего профессионального образования третьего поколения. Для студентов бакалавриата, аспирантов и преподавателей вузов, учащихся лицеев, колледжей, слушателей курсов повышения квалификации и переподготовки кадров. |
| 653 | 0_ | a | Ключевые слова | Деньги |
| a | Ключевые слова | Инфляция | ||
| a | Ключевые слова | Кейнсианская теория | ||
| a | Ключевые слова | Макроэкономика | ||
| a | Ключевые слова | Малый бизнес | ||
| a | Ключевые слова | Маркетинг | ||
| a | Ключевые слова | Микроэкономика | ||
| a | Ключевые слова | Мировая экономика | ||
| a | Ключевые слова | Переходная экономика в России | ||
| a | Ключевые слова | Потребности | ||
| a | Ключевые слова | Предложение | ||
| a | Ключевые слова | Ресурсы | ||
| a | Ключевые слова | Рыночная экономика | ||
| a | Ключевые слова | Смешанная рыночная экономика | ||
| a | Ключевые слова | Спрос | ||
| a | Ключевые слова | Учебники для вузов | ||
| a | Ключевые слова | Цикличность экономики | ||
| a | Ключевые слова | Экономика | ||
| a | Ключевые слова | Экономика фирм | ||
| a | Ключевые слова | Экономическая теория | ||
| 901 | t | Тип документа | m | |
| 910 | a | гриф есть* | ||
| 920 | a | Оператор | Хохл | |
| a | Оператор | Суха | ||
| a | Оператор | Густ | ||
| a | Оператор | Стро | ||
| 952 | c | Вид литературы | К ру | |
| 954 | a | Дата поступления на обработку | 20131224 | |
| c | Дата окончания ОНО | 20131226 | ||
| b | Дата поступления в ОК | 20131220 |